• AIU
  • Tony Wilmot Memorial Library

Guide pour l'alphabetisation en langues africaines / (Record no. 37645)

MARC details
000 -LEADER
fixed length control field 00590nam a22002051a 4500
003 - CONTROL NUMBER IDENTIFIER
control field NEGST
005 - DATE AND TIME OF LATEST TRANSACTION
control field 20110718132530.0
008 - FIXED-LENGTH DATA ELEMENTS--GENERAL INFORMATION
fixed length control field 030712s1987 001 0 eng d
100 1# - MAIN ENTRY--PERSONAL NAME
Personal name Shell, Olive.
245 10 - TITLE STATEMENT
Title Guide pour l'alphabetisation en langues africaines /
Statement of responsibility, etc by Olive Shall.
Medium [Text]
260 ## - PUBLICATION, DISTRIBUTION, ETC. (IMPRINT)
Place of publication, distribution, etc Yaunde
Name of publisher, distributor, etc Tous Droits Reserves
Date of publication, distribution, etc 1987
300 ## - PHYSICAL DESCRIPTION
Extent III, 253p.
490 0# - SERIES STATEMENT
Series statement Collection propelca No.34
500 ## - GENERAL NOTE
General note Includes bibliography.
590 ## - LOCAL NOTE (RLIN)
Local note Accession number: 24183
650 #0 - SUBJECT ADDED ENTRY--TOPICAL TERM
Topical term or geographic name as entry element Literacy.
650 #0 - SUBJECT ADDED ENTRY--TOPICAL TERM
Topical term or geographic name as entry element Orthography.
700 1# - ADDED ENTRY--PERSONAL NAME
Personal name Wiesemann, Ursula.
Holdings
Withdrawn status Lost status Source of classification or shelving scheme Damaged status Not for loan Collection code Home library Current library Shelving location Date acquired Cost, normal purchase price Full call number Barcode Date last seen Copy number Price effective from Koha item type
    Library of Congress Classification     General Circulation AIU/NEGST - Tony Wilmot Memorial Library AIU/NEGST - Tony Wilmot Memorial Library General Stacks 11/13/2009 10.00 PL 8004.S48 1987 R07724Y3232 09/26/2019 1 11/13/2009 Africana collection (General)